|
|
|
|
| LEADER |
01402nam a2200289 a 4500 |
| 001 |
11781806 |
| 008 |
110115s2000 caua b 001 0 eng d |
| 010 |
|
|
|a 99047125
|
| 020 |
|
|
|a 9814066257
|
| 020 |
|
|
|a 1558605789 (paperback)
|
| 020 |
|
|
|a 1558604421 (hardback)
|
| 040 |
|
|
|a DLC
|c DLC
|d DLC
|d BD-DhAAL
|
| 042 |
|
|
|a pcc
|
| 082 |
0 |
0 |
|a 005.13
|2 21
|
| 100 |
1 |
|
|a Scott, Michael Lee,
|d 1959-
|
| 245 |
1 |
0 |
|a Programming language pragmatics /
|c Michael L. Scott.
|
| 260 |
|
|
|a San Francisco :
|b Morgan Kaufmann,
|c c2000.
|
| 300 |
|
|
|a xxi, 856 p. :
|b ill. ;
|c 23 cm.
|
| 504 |
|
|
|a Includes bibliographical references and index.
|
| 541 |
1 |
|
|e 00009424
|
| 650 |
|
0 |
|a Programming languages (Electronic computers)
|
| 852 |
|
|
|a Ayesha Abed library
|c General Shelf.
|
| 999 |
|
|
|c 10311
|d 10311
|
| 952 |
|
|
|0 0
|1 0
|2 ddc
|4 0
|6 005_130000000000000_SCO
|7 0
|9 13869
|a BRACUL
|b BRACUL
|c GEN
|d 2011-01-15
|l 0
|o 005.13 SCO
|p 3010009424
|r 2011-01-15
|t 1
|w 2011-01-15
|y BK
|
| 952 |
|
|
|0 0
|1 0
|2 ddc
|4 0
|6 005_130000000000000_SCO
|7 0
|9 13875
|a BRACUL
|b BRACUL
|c GEN
|d 2011-01-15
|l 0
|o 005.13 SCO
|p 3010009425
|r 2011-01-15
|t 2
|w 2011-01-15
|y BK
|
| 952 |
|
|
|0 0
|1 0
|2 ddc
|4 0
|6 005_130000000000000_SCO
|7 0
|9 13876
|a BRACUL
|b BRACUL
|c GEN
|d 2011-01-15
|l 2
|m 30
|o 005.13 SCO
|p 3010009423
|r 2018-08-13
|s 2018-01-18
|t 3
|w 2011-01-15
|y BK
|
| 952 |
|
|
|0 0
|1 0
|2 ddc
|4 0
|6 005_130000000000000_SCO
|7 0
|9 13877
|a BRACUL
|b BRACUL
|c GEN
|d 2011-01-15
|l 0
|o 005.13 SCO
|p 3010009701
|r 2011-01-15
|t 4
|w 2011-01-15
|y BK
|